LEADER 01068nam0-22003731i-450- 001 990003052220403321 035 $a000305222 035 $aFED01000305222 035 $a(Aleph)000305222FED01 035 $a000305222 100 $a20000920d1981----km-y0itay50------ba 101 0 $aita 102 $aIT 200 1 $aDonne, lavoro e famiglia nell'evoluzione della società capitalistica$fLouise A. Tilly, Joan W. Scott. 210 $aBari$cDe Donato$d\c\\1981. 215 $a288 p.$d23 cm 225 1 $aPassato e presente$v5 300 $a[Tit. orig. : Women, Work, and Family] 676 $a15440 676 $a18240 676 $a18410 676 $aF/1.402 676 $aF/1.421 702 1$aScott,$bJoan W. 702 1$aTilly,$bLouise A. 801 0$aIT$bUNINA$gRICA$2UNIMARC 901 $aBK 912 $a990003052220403321 952 $a15440 TIL$b10873/I$fSES 952 $a15440 TIL$b12404/I$fSES 959 $aSES 996 $aDonne, lavoro e famiglia nell'evoluzione della società capitalistica$9465769 997 $aUNINA DB $aING01 LEADER 01653nam--2200529---450- 001 990000582610203316 005 20090223121809.0 010 $a88-453-0871-5 035 $a0058261 035 $aUSA010058261 035 $a(ALEPH)000058261USA01 035 $a0058261 100 $a20010724d1998----km-y0itay0103----ba 101 $aita 102 $aIT 105 $a||||||||001yy 200 1 $a<> senso della globalizzazione$eprospettive di un nuovo ordine mondiale$fedited by Kenichi Ohmae$g[traduzione di Mauro Formaggio] 210 $aMilano$cEtas libri$d1998 215 $aXVII, 229 p.$d22 cm 300 $aIn cop.: T.George Harris... 312 $aThe evolving global economy 410 $12001 454 $12001$aThe evolving global economy$928494 461 1$1001-------$12001 606 0 $aEconomia mondiale 606 0 $aSocietà e sviluppo economico 676 $a330.9049 700 1$aOHMAE,$bKenichi$089303 702 1$aFORMAGGIO,$bMauro 801 0$aIT$bsalbc$gISBD 912 $a990000582610203316 951 $a330.904 OHM 1 (IEP III 584)$b5946 EC$cIEP III$d00214130 951 $a300 337 OHM$b10621 DISES 959 $aBK 969 $aECO 969 $aDISES 979 $aPATTY$b90$c20010724$lUSA01$h1518 979 $c20020403$lUSA01$h1707 979 $aPATRY$b90$c20040406$lUSA01$h1640 979 $aRSIAV3$b90$c20090223$lUSA01$h1217 979 $aRSIAV3$b90$c20090223$lUSA01$h1218 979 $c20121027$lUSA01$h1543 979 $c20121027$lUSA01$h1601 979 $c20121027$lUSA01$h1610 996 $aThe evolving global economy$928494 997 $aUNISA DEB $aUSA11495